000 00716nam a2200229 a 4500
008 951121s1983||||[C 0 slo c
020 _c65 Kčs.
_q(60000 výtl.)
040 _aSNK
_bslo
_cSNK
_eAACR2
041 1 _aslo
_hslo
080 _a641.5(083.12)
100 1 _aDullová-Horecká, Ľudmila
_4aut
245 1 0 _aKuchárska kniha
_cĽudmila Dullová-Horecká, Libor Vozár ; Fero Spáčil, Veronika Kramárová
250 _a4., vyd.
260 _aMartin
_bOsveta
_c1983
_eBanská Bystrica
_fTlačiarne SNP
300 _a679 s., 55,61 AH
_c23 cm
500 _aReg.
700 1 _aVozár, Libor
_4aut
700 1 _aSpáčil, Fero
_4bkd
700 1 _aKramárová, Veronika
_4bkd
044 _axo
_cSK
958 _aA
999 _c19678
_d19678